000 00474nam a2200181Ia 4500
001 9849
005 20260313183319.0
008 260306t2006||||xx |||||||||||||| ||spa||
041 _aESP
082 _aRD 469.3
_bO28
100 _aSánchez, José Luis (Dir)
_eAUT
245 0 _aDicccionario español - portugués - dicionário português - espanhol
260 _c2006
300 _a1,216 páginas :
_c19 cm.
650 _aGEN
654 _aCHU
942 _cLIB
_dJUS
_fJUS
_2ddc
999 _c9849
_d9849